000
00362nam a2200157Ia 4500
008
230605s1999 xx 000 0 und d
041
_a
eng
100
_a
Collister
245
_a
The complete Bread & Baking book
260
_b
Chancellor press pub.
_c
1999
300
_a
368p
365
_h
20
520
_a
General
520
_a
Hard Board
650
_a
F.Pro
999
_c
420634
_d
420634